000 00663nam a2200229 4500
003 OSt
005 20260530113850.0
008 260508b2003 |||ao||| |||| 001 0 eng d
020 _a9780714843377
040 _aICI
_bspa
_cICI
050 _aBF637
_b.S4
100 1 _aArden, Paul
_931116
245 1 0 _aIt´s not how good you are, It's how good you want to be.
264 1 _bPhaidon
_c2003
_aLondres
300 _a127 páginas
336 _atexto
_2rdacontent
337 _asin medio
_2rdamedia
338 _avolumen
_2rdacarrier
650 _aDiseño gráfico
_xAspectos psicológicos
_931117
650 _aMotivación (Psicología)
_931118
942 _2lcc
_cBK
_n1
999 _c11414
_d11414